1214 1839 1372 1899 1314 1098 1891 1980 2000 1159 1395 1415 1294 1772 1911 1042 1730 1171 1058 1571 1886 1034 1766 1505 1891 1007 1629 1001 1380 1307 1989 1417 1231 1822 1658 1661 1062 1320 1710 1593 1490 1886 1022 1041 1659 1694 1698 1367 1700 1218 1582 1901 1575 1471 1045 1886 1665 1654 1658 1089 1043 1965 1896 1671 1520 1953 1768 1746 1074 1628 1282 1655 1284 1634 1002 1259 1507 1788 1556 1998 1346 1178 1804 1457 1141 1997 1599 1369 1959 1827 1727 1007 1310 1636 1252 1943 1584 1713 1045 BCNSPRNW ULIB Ver.6.0+V

เปลี่ยนเป็นภาษาไทย

Change to English
 แสดงรายละเอียดบรรณานุกรม
  กลับหน้าหลัก

Brief Record : Get Marc (ISO 2709) : E-mail record : QR code < ปิดหน้าต่าง
LEADER : 00000nam 2200000uu 4500
001    13399113148
003     ULIB
008    110928s2549||||th 000 0 tha d
020    9741325533
020    9789741325535
050  4 QA76.75^bก411ก 2549
100 0  กัลยา วานิชย์บัญชา
245 10 การวิเคราะห์สถิติขั้นสูงด้วย SPSS for Windows /^cกัลยา วานิชย์บัญชา
250    พิมพ์ครั้งที่ 5
260    กรุงเทพฯ :^bกรุงเทพฯ :^bภาควิชาสถิติ คณะพาณิชยศาสตร์และการบัญชี จุฬาลงกรณ์มหาวิทยาลัย,^c2549
300    260 หน้า :^bภาพประกอบ ;^c26 ซม.
650  4 เอสพีเอสเอส (โปรแกรมคอมพิวเตอร์)
650  4 เอสพีเอสเอสสำหรับวินโดวส์
650  4 การประมวลผลข้อมูลอิเล็กทรอนิกส์
650  4 สถิติ^xการประมวลผลข้อมูล
710 2  จุฬาลงกรณ์มหาวิทยาลัย. ^bคณะพาณิชยศาสตร์และการบัญชี.^bภาควิชาสถิติ
945    ^p230^l0^i016887
945    ^p230^l0^i016890
945    ^p230^l0^i022247
945    ^p230^l0^i022248
945    ^p230^l0^i025823
945    ^p230^l0^i025824
995    ทศพร
999 ^a ทศพร
รายการนี้ยังไม่มีแท็ก
คุณยังไม่ได้ล็อกอิน คุณสามารถมีกิจกรรมร่วมกับเว็บไซต์ได้ แต่ต้องล็อกอินก่อน ::
  ล็อกอิน

รายการสื่อสารสนเทศ

ลำดับที่ ประเภท เลขเรียก/บาร์โค้ด สถานที่ สถานะ
- ไม่พบข้อมูล -

รายการใกล้เคียง
    ผู้แต่ง [กัลยา วานิชย์บัญชา]

    หัวเรื่อง [เอสพีเอสเอส (โปรแกรมคอมพิวเตอร์)]
    หัวเรื่อง [เอสพีเอสเอสสำหรับวินโดวส์]
    หัวเรื่อง [การประมวลผลข้อมูลอิเล็กทรอนิกส์]

BibComment


ยังไม่เคยถูกคอมเมนท์

คอมเมนท์ทรัพยากรรายการนี้
  คอมเมนท์: การวิเคราะห์สถิติ..


 Copyright 2026. Bcnsprnw @Library